| 000 | 01648cam a2200313 a 4500 | ||
|---|---|---|---|
| 001 | 3119816 | ||
| 003 | 000032 | ||
| 005 | 20220326193245.0 | ||
| 008 | 021025s2000 ck ah b l000 0 spa d | ||
| 020 | _a9588109078 | ||
| 035 | _a(OCoLC)ocm50861576 | ||
| 035 | _a(NNC)3119816 | ||
| 040 |
_aNDD _cNDD _dTJC |
||
| 090 |
_aN6494.C63 _bB377 2000 |
||
| 092 |
_a709.8610904 _bB276o69, 2000 |
||
| 100 | 1 |
_aBarrios, Alvaro, _d1945- _9127 |
|
| 245 | 1 | 0 |
_aOrígenes del arte conceptual en Colombia, 1968-1978 / _cAlvaro Barrios. |
| 260 |
_a[Bogotá] : _bAlcaldía Mayor de Bogotá, _c[2000?] |
||
| 300 |
_a206 p. : _bill., facsims. ; _c24 cm. |
||
| 500 | _a"Ensayo histórico, teórico, o crítico : el arte colombiano de fin de milenio, premio"--Added t.p. | ||
| 504 | _aIncludes bibliographical references. | ||
| 505 |
_g11 _tIntroducción _g13 _tEl "Homenaje a Dante" y la exposición de "Espacios ambientales" _g23 _tHablan los protagonistas _g25 _tConversación con Bernardo Salcedo _g43 _tConversación de Beatriz González _g63 _tConversación con Alonso Garcés sobre Feliza Bursztyn _g71 _tConversación con Álvaro Barrios _g81 _t"Sueños con Marcel Duchamp" _g97 _tLos "Grabados Populares" _g103 _tConversación con Antonio Caro _g131 _tConversación con Miguel Ángel Rojas _g155 _tConversación con Eduardo Serrano _g169 _tConversación con Ramiro Gómez sobre "El Siondicato" _g183 _tDatos biográficos _g191 _tCronología |
||
| 600 |
_aÁlvaro Barrios _9128 |
||
| 650 | 0 |
_aConceptual art _zColombia. _9129 |
|
| 650 | 0 |
_aArte conceptual _zColombia _9130 |
|
| 650 | 0 |
_aArt, Colombian _y20th century. _9131 |
|
| 650 | 0 |
_aArtists _zColombia _vInterviews. _9132 |
|
| 999 |
_c20 _d20 |
||